Insulation (Record no. 631)

MARC details
000 -LEADER
fixed length control field 00983cab a2200217 4500
001 - CONTROL NUMBER
control field ABS36939
008 - FIXED-LENGTH DATA ELEMENTS--GENERAL INFORMATION
fixed length control field 090401t1986 xxu||||| |||| 00| 0 eng d
035 ## - SYSTEM CONTROL NUMBER
System control number (Sirsi) u1155
041 0# - LANGUAGE CODE
Language code of text/sound track or separate title eng
100 1# - MAIN ENTRY--PERSONAL NAME
Personal name Bone, S.
245 00 - TITLE STATEMENT
Title Insulation
Remainder of title new methods of energy saving
260 ## - PUBLICATION, DISTRIBUTION, ETC.
Date of publication, distribution, etc. 1986
350 ## - PRICE (NR) (BK AM CF MU VM SE) [OBSOLETE]
Price 0
490 #0 - SERIES STATEMENT
Series statement Architect
Volume/sequential designation 93(10) October 1986, 63-74(7)
520 ## - SUMMARY, ETC.
Summary, etc. Looks at new developments in thermal insulation of walls, floors and roofs, with particular reference to single-leaf insulated masonry, in view of the possibility that higher standards may be introduced. Lists insulation products that have Agrement certificates as at July 1986.
520 ## - SUMMARY, ETC.
Summary, etc. This article is no longer held by the RICS Library but may be available through inter-library loan. Please ask Library staff for details
651 #4 - SUBJECT ADDED ENTRY--GEOGRAPHIC NAME
Geographic name United Kingdom
Chronological subdivision
690 ## - LOCAL SUBJECT ADDED ENTRY--TOPICAL TERM (OCLC, RLIN)
Topical term or geographic name as entry element BUILT ENVIRONMENT-BUILDING MATERIALS-CEMENTITIOUS, CONCRETE AND MINERAL BOUND MATERIALS
942 ## - ADDED ENTRY ELEMENTS (KOHA)
Suppress in OPAC 0
948 ## - LOCAL PROCESSING INFORMATION (OCLC); SERIES PART DESIGNATOR (RLIN)
c (OCLC) 04/03/1997
Holdings
Withdrawn status Lost status Source of classification or shelving scheme Damaged status Not for loan Home library Current library Shelving location Date acquired Total Checkouts Full call number Barcode Date last seen Copy number Price effective from Koha item type
    Dewey Decimal Classification     London London Journal article 14/09/1999   ABS36939 1155-1001 06/08/2019 1 06/08/2019 Journal article